00682nam a2200181 i 450000100060000000300090000600500170001500700030003200800410003508000210007610000330009724501170013026000620024730000220030953000350033185200210036685601130038768044ES-MaACL20231124062956.0t|040217s1910 sp |||| | spa d a821.134.2-31"18"1 aGanivet, Ángel,d1865-189813aLa conquista del reino de Maya por el último conquistador español Pío Cid / ccompuesta por Angel Ganivet. aMadrid : bVictoriano Suárez, c1910 (fHijos de Tello) a383 p. ; c20 cm. aDisponible en formato digital. aES-MaACLjB-2618 uhttp://bibliotecadigital.jcyl.es/i18n/consulta/registro.cmd?id=5130zBiblioteca Digital de Castilla y León